Industrias culturales y música pop: ¿productoras de jóvenes consumidores? /

El trabajo se interroga por la construcción de la identidades en los adolescentes a partir de la música pop, además de la influencia de esta identidad en prácticas culturales, procesos de interacción y consumo mercantil. La perspectiva conceptual asumida por la autora es la de las industrias cultura...

詳細記述

保存先:
書誌詳細
第一著者: Martínez Noriega, Dulce Asela
フォーマット: テキスト
主題:
タグ: タグ追加
タグなし, このレコードへの初めてのタグを付けませんか!

MARC

LEADER 00000 a a2200000 04500
001 46770
003
040
100 |a Martínez Noriega, Dulce Asela  
245 |a Industrias culturales y música pop:   |b ¿productoras de jóvenes consumidores? /  |c Dulce Asela Martínez Noriega  
520 |a El trabajo se interroga por la construcción de la identidades en los adolescentes a partir de la música pop, además de la influencia de esta identidad en prácticas culturales, procesos de interacción y consumo mercantil. La perspectiva conceptual asumida por la autora es la de las industrias culturales y el consumo cultural. El texto polemiza sobre la importancia de la teoría y el análisis empírico en su caso de estudio, el cual son jóvenes del Distrito Federal en México.  
590 |a LORENZO-26-11-14  
650 |x IDENTIDADES  
650 |a OCDE/  
650 |x JUVENTUD  
650 |a OCDE/ 
650 |x MUSICA POP  
650 |x MEXICO  
650 |a OCDE 
650 |x INDUSTRIA DE LA CULTURA  
773 |g volumen12, número 22, (2011), páginas 105-125  
999 |c 19579  |d 19579